Historia na zdjęciach na litere I - Statystyki

Ogólne statystyki
  • Ten quiz został rozwiązany 33 razy
  • Średni wynik to 10 z 18
Statystyki odpowiedzi
Obrazkowy Hint Odpowiedź % Poprawnych
cywilizacja Inków
97%
religia Islam
93%
zjawisko ekonomiczne Inflacja
83%
postać mitologiczna Ikar
80%
car Rosji Iwan Groźny
80%
utwór Iliada
73%
teren kolonialny {Indochiny} Francuskie
60%
hiszpańska królowa Izabela
57%
Bizantyjski obiekt sztuki religijnej Ikona
53%
instytucja śledczo-sądownicza Inkwizycja
50%
wyspa Irlandia
47%
państwo Islandia
47%
jedyna kobieta premier Indii {Indira} Gandhi
43%
dawniej rzadki i cenny barwnik Indygo
37%
bóg Izyda
30%
miasto Majów Chichen {Itza}
27%
najcenniejsza korporacja w 1960 roku IBM
27%
plemię Irokezi
23%
Nie znaleziono quizów pasujących do podanych kryteriów
Rozkład punktacji
Procent ludzi z każdym wynikiem
Percentyl według liczby udzielonych odpowiedzi
Twoja historia wyników
Nie rozwiązałeś tego quizu